Bài tập Tin học 12

Nội dung trình theo 2 phần gồm: phần 1 là tóm tắt lí thuyết, câu hỏi, bài tập và thực hành. Phần 2 là hướng dẫn trả lời, câu hỏi, bài tập và thực hành. Giúp các em so sánh với kết quả và rút ra kinh nghiệm....

Descrición completa

Gardado en:
Detalles Bibliográficos
Autor Principal: Hồ, Sĩ Đàm
Formato: Libro
Idioma:Undetermined
Publicado: Hà Nội Giáo dục 2013
Những chủ đề:
Các nhãn: Engadir etiqueta
Sen Etiquetas, Sexa o primeiro en etiquetar este rexistro!
Thư viện lưu trữ: Trung tâm Học liệu Trường Đại học Cần Thơ
LEADER 00896nam a2200217Ia 4500
001 CTU_182573
008 210402s9999 xx 000 0 und d
020 |c 8200 
082 |a 005.076 
082 |b Đ104 
100 |a Hồ, Sĩ Đàm 
245 0 |a Bài tập Tin học 12 
245 0 |c Hồ Sĩ Đàm (Chủ biên) 
260 |a Hà Nội 
260 |b Giáo dục 
260 |c 2013 
520 |a Nội dung trình theo 2 phần gồm: phần 1 là tóm tắt lí thuyết, câu hỏi, bài tập và thực hành. Phần 2 là hướng dẫn trả lời, câu hỏi, bài tập và thực hành. Giúp các em so sánh với kết quả và rút ra kinh nghiệm. 
650 |a Computers 
650 |x Study and teaching (Secondary) 
904 |i Tuyến 
980 |a Trung tâm Học liệu Trường Đại học Cần Thơ